Подробности
| 000 -МАРКЕР |
| контрольное поле |
03061nam2a22003371 4500 |
| 001 - ИДЕНТИФИКАТОР ЗАПИСИ |
| контрольное поле |
v19\rc\1625797 |
| 005 - ИДЕНТИФИКАТОР ВЕРСИИ |
| контрольное поле |
20260520123127.0 |
| 035 ## - ДРУГИЕ СИСТЕМНЫЕ НОМЕРА |
| Идентификатор записи |
(NLR Aleph) 005224642 |
| 100 ## - ДАННЫЕ ОБЩЕЙ ОБРАБОТКИ |
| Данные общей обработки |
20061002d1905 |||y0rusy50 ca |
| 101 0# - ЯЗЫК РЕСУРСА |
| Язык текста, звукозаписи и т.д. |
русский |
| 102 ## - СТРАНА ПУБЛИКАЦИИ ИЛИ ПРОИЗВОДСТВА |
| Страна публикации |
Российская Федерация |
| 105 ## - ПОЛЕ КОДИРОВАННЫХ ДАННЫХ: ТЕКСТОВЫЕ МАТЕРИАЛЫ, МОНОГРАФИЧЕСКИЕ |
| Кодированные данные о монографическом текстовом документе |
y g ||||c |
| 200 0# - ЗАГЛАВИЕ И СВЕДЕНИЯ ОБ ОТВЕТСТВЕННОСТИ |
| Основное заглавие |
Т. 8 |
| 210 ## - ПУБЛИКАЦИЯ, РАСПРОСТРАНЕНИЕ И ДР. |
| Место издания, распространения и т.д. |
Тула |
| Имя издателя, распространителя и т. д. |
тип. Е.И. Дружининой |
| Дата издания, распространения и т.д. |
1905 |
| 215 ## - ФИЗИЧЕСКАЯ ХАРАКТЕРИСТИКА |
| Специфическое обозначение материала и объем |
377 с. разд. паг. |
| 327 1# - ПРИМЕЧАНИЯ О СОДЕРЖАНИИ |
| Текст примечания |
Содерж.: Боярская Дума во время междуцарствия / П.И. Малицкий, М.Т. Яблочков. 9. О Ртищевых Дмитровского корня ; Поколенная роспись рода дворян Ртищевых Дмитровского корня / Н.Н. Кашкин. 10. Род дворян Яблочковых ; 11. Род дворян Папоновых ; 12. Род дворян Гвоздевых ; 13. Род дворян Шеиных. 14. Род дворян Чернопятовых / сост. дворянин Крапивенского уезда Виктор Ильич Чернопятов |
| 461 #0 - УРОВЕНЬ НАБОРА |
| Встроенное поле |
001v19\rc\1625789 |
| -- |
2001#$aДворянское сословие Тульской губернии$fСост. дворянин Ефремовского уезда Михаил Тихонович Яблочков$vТ. 8 |
| 464 #0 - АНАЛИТИЧЕСКИЙ УРОВЕНЬ |
| Встроенное поле |
2001#$aБоярская Дума во время междуцарствия$fП.И. Малицкий, М.Т. Яблочков |
| -- |
700#1$3RU\NLR\AUTH\77$aЯблочков$bМ.Т.$f1848-1906$gМихаил Тихонович$4070 |
| 464 #0 - АНАЛИТИЧЕСКИЙ УРОВЕНЬ |
| Встроенное поле |
2001#$aО Ртищевых Дмитровского корня$aПоколенная роспись рода дворян Ртищевых Дмитровского корня$fН.Н. Кашкин |
| -- |
300##$aНа доп. тит. л.: Посвящается... памяти.. генеалога В.В. Руммеля |
| 464 #0 - АНАЛИТИЧЕСКИЙ УРОВЕНЬ |
| Встроенное поле |
2001#$aРод дворян Яблочковых$aРод дворян Папоновых$aРод дворян Гвоздевых$aРод дворян Шеиных |
| -- |
702#1$3RU\NLR\AUTH\77$aЯблочков$bМ.Т.$f1848-1906$gМихаил Тихонович$4220 |
| -- |
722##$3RU\NLR\AUTH\77$aЯблочковы (род)$4570 |
| -- |
722##$3RU\NLR\AUTH\77$aПапоновы (род)$4570 |
| -- |
722##$3RU\NLR\AUTH\77$aГвоздевы (род)$4570 |
| -- |
722##$3RU\NLR\AUTH\77$aШеины (род)$4570 |
| 464 #0 - АНАЛИТИЧЕСКИЙ УРОВЕНЬ |
| Встроенное поле |
2001#$aРод дворян Чернопятовых$fсост. дворянин Крапивенского уезда Виктор Ильич Чернопятов |
| -- |
702#1$3RU\NLR\AUTH\77$aЧернопятов$bВ.И.$f1857-1935$gВиктор Ильич$4220 |
| 700 #1 - ИМЯ ЛИЦА - ПЕРВИЧНАЯ ОТВЕТСТВЕННОСТЬ |
| Начальный элемент ввода |
Руммель |
| Часть имени, кроме начального элемента ввода |
В. В. |
| Дополнения к именам, кроме дат |
Ртищевы (род |
| Даты |
1855-1902 |
| Расширение инициалов личного имени |
Витольд Владиславович |
| Код отношения |
Объект посвящения |
| -- |
Прочие |
| 801 #0 - ИСТОЧНИК ЗАПИСИ |
| Страна |
Российская Федерация |
| Организация |
NLR |
| Дата составления |
20061002 |
| Правила каталогизации |
psbo |
| 801 #0 - ИСТОЧНИК ЗАПИСИ |
| Страна |
Российская Федерация |
| Организация |
RuMoRGB |
| Дата составления |
20061002 |
| Источник данных |
psbo |
| 801 #1 - ИСТОЧНИК ЗАПИСИ |
| Страна |
Российская Федерация |
| Организация |
ProSoft-M |
| Дата составления |
20061002 |
| Источник данных |
rusmarc |
| 801 #2 - ИСТОЧНИК ЗАПИСИ |
| Страна |
Российская Федерация |
| Организация |
NLR |
| Дата составления |
20081128 |
| Источник данных |
rusmarc |
| 852 ## - МЕСТОНАХОЖДЕНИЕ И ШИФР ХРАНЕНИЯ |
| Идентификатор организации |
NLR |
| Шифр хранения (Call Number) |
20.75.1.1(8) |
| 942 ## - ДОПОЛНИТЕЛЬНЫЕ ЭЛЕМЕНТЫ ЗАПИСИ (АБИС) |
| Тип экземпляра АБИС |
Книга |
| 980 ## - КОЛЛЕКЦИЯ |
| Название коллекции |
Национальная библиография |